Writing at century's end : essays on computer-assisted composition /

Bibliographic Details
Other Authors: Gerrard, Lisa
Format: Book
Language:English
Published: New York : Random House, [1987]
Edition:1st ed.
Subjects:

MARC

Tag First Indicator Second Indicator Subfields
LEADER 00000cam a2200000 a 4500
001 in00000010915
005 20151007051940.0
008 860905s1987 nyu b 00100 eng
010 |a  86024766  
020 |a 0394359615 (pbk.) :  |c $11.95 
035 |a (OCoLC)14239813 
035 |9 AAA5580AM 
040 |a DLC  |c DLC  |d TXA  |d UtOrBLW 
049 |a TXAM  |c [A12638832] 
050 0 0 |a PE1404  |b .W6944 1987 
082 0 |a 808/.042/0285  |2 19 
245 0 0 |a Writing at century's end :  |b essays on computer-assisted composition /  |c edited by Lisa Gerrard ; contributing editors Jennifer Bradley[and others]. 
250 |a 1st ed. 
264 1 |a New York :  |b Random House,  |c [1987] 
264 4 |c ©1987 
300 |a viii, 152 pages ;  |c 24 cm. 
336 |a text  |b txt  |2 rdacontent 
337 |a unmediated  |b n  |2 rdamedia 
338 |a volume  |b nc  |2 rdacarrier 
504 |a Bibliography: pages 141-144. 
500 |a Includes index. 
650 0 |a English language  |x Composition and exercises  |x Study and teaching  |x Data processing. 
650 0 |a English language  |x Rhetoric  |x Study and teaching  |x Data processing. 
650 0 |a Computer-assisted instruction. 
650 0 |a Word processing in education. 
700 1 |a Gerrard, Lisa. 
999 |a MARS 
999 f f |s 096de51b-abe4-31a4-9f20-323aec970366  |i 07db392a-5949-3519-ada5-ac1d98641278  |t 0 
952 f f |p ric  |a Texas A&M University  |b Rellis Campus  |c Joint Library Facility  |s JLF  |d Remote Storage  |t 0  |e PE1404 .W6944 1987  |h Library of Congress classification  |i unmediated -- volume  |m A14812638832 
998 f f |a PE1404 .W6944 1987  |t 0  |l Remote Storage